Matinja Aidit, Marsekal Lubang-Buaja. (Record no. 84522)

MARC details
000 -LEADER
fixed length control field 00659cam a22002411 4500
001 - CONTROL NUMBER
control field sa 68012421
003 - CONTROL NUMBER IDENTIFIER
control field DLC
005 - DATE AND TIME OF LATEST TRANSACTION
control field 20260227112610.0
008 - FIXED-LENGTH DATA ELEMENTS--GENERAL INFORMATION
fixed length control field 890403s1967 io ac 000 0bind
010 ## - LIBRARY OF CONGRESS CONTROL NUMBER
LC control number sa 68012421
035 ## - SYSTEM CONTROL NUMBER
System control number (OCoLC)23568847
040 ## - CATALOGING SOURCE
Original cataloging agency DLC
Transcribing agency MiU
Modifying agency DLC
042 ## - AUTHENTICATION CODE
Authentication code premarc
043 ## - GEOGRAPHIC AREA CODE
Geographic area code a-io---
050 00 - LIBRARY OF CONGRESS CALL NUMBER
Classification number DS644
Item number .R65
100 0# - MAIN ENTRY--PERSONAL NAME
Personal name Rosamona,
Relator term comp.
245 10 - TITLE STATEMENT
Title Matinja Aidit, Marsekal Lubang-Buaja.
260 ## - PUBLICATION, DISTRIBUTION, ETC.
Place of publication, distribution, etc. Djakarta,
Name of publisher, distributor, etc. Inkopak-Hazera
Date of publication, distribution, etc. [1967]
300 ## - PHYSICAL DESCRIPTION
Extent 116 p.
Other physical details illus., ports.
Dimensions 21 cm.
600 10 - SUBJECT ADDED ENTRY--PERSONAL NAME
Personal name Aidit, D. N.,
Dates associated with a name 1923-1965.
610 20 - SUBJECT ADDED ENTRY--CORPORATE NAME
Corporate name or jurisdiction name as entry element Partai Komunis Indonesia.
651 #0 - SUBJECT ADDED ENTRY--GEOGRAPHIC NAME
Geographic name Indonesia
General subdivision History
Chronological subdivision 1950-1966

No items available.

Powered by Koha